Statistics for Semi Trucks by Picture

Click here to take the quiz!

General Stats

  • This quiz has been taken 36 times
  • The average score is 6 of 9

Answer Stats

Answer% Correct
Mack
77%
Scania
77%
Peterbilt
70%
Kenworth
67%
Ford
63%
Freightliner
63%
DAF
60%
Mercedes-Benz
50%
International
43%

Score Distribution

Percentile by Number Answered

Percent of People with Each Score

Your Score History

You have not taken this quiz